00382 2200157 4500245006500000020001800065250001100083100001200094650001600106005001900122260002900141041001400170084000800184300002300192336000900215 aMiss Pikun b : Susah Inget ! Gampang Lupa !cJumantahText a979-780-003-2 aCet. 4 aJumanta aNovel Fiksi a20230110072249 aDepokbGagas Mediac2006 aIndonesia a813 a207 hlm. :c19 cm. atext